|
|
|
|
| LEADER |
01975njm a2200433 a 4500 |
| 001 |
001421367 |
| 003 |
CZ BrMZK |
| 005 |
20141003105322.0 |
| 007 |
sd fungnnmmned |
| 008 |
140919s2012 xr munng n cze d |
| 024 |
3 |
|
|a 8592443123337
|
| 024 |
0 |
|
|a CZ-A61-12-333-00
|
| 028 |
0 |
1 |
|a FN 333
|b Zdeněk Nedvěd - Studio Fontána
|
| 040 |
|
|
|a BOA001
|b cze
|
| 047 |
|
|
|a zz
|a df
|
| 048 |
|
|
|a oz01
|
| 072 |
|
7 |
|a 785
|x Instrumentální hudba. Symfonická hudba. Hudba pro více nástrojů
|2 Konspekt
|9 9
|
| 080 |
|
|
|a 785.12
|2 MRF
|
| 080 |
|
|
|a 784.4.088
|2 MRF
|
| 080 |
|
|
|a (086.76)
|2 MRF
|
| 245 |
0 |
0 |
|a Czech this brass!
|h [zvukový záznam] :
|b traditional czech folk music with slight austian and modern feeling
|
| 260 |
|
|
|a Sudovice :
|b Zdeněk Nedvěd - Studio Fontána,
|c p2012
|
| 300 |
|
|
|a 1 zvuková deska :
|b digital ;
|c 12 cm
|
| 490 |
1 |
|
|a Fontana Music Library
|
| 500 |
|
|
|a Kompaktní deska (DDD)
|
| 500 |
|
|
|a Hudba, aranžmá Pavel Zedník a další
|
| 505 |
0 |
0 |
|g Instrumental.
|t Břeclavská kasárna --
|t Lúčka zelená --
|t Dneska naposled --
|t V údolí polka --
|t Za velkou louží --
|t Šumava nemá chybu --
|t Pražská polka --
|t Snění --
|t Za tú horů
|g Vocal.
|g Břeclavská kasárna --
|g Dneska naposled --
|g V údolí polka --
|g Za velkou louží --
|g Šumava nemá chybu --
|t Ať nám slouží --
|t Kluci z Vršovic --
|t Malý hošík černovlasý --
|t Písničky --
|t To vínko červené --
|t Já vím
|
| 511 |
1 |
|
|a El Band Praha
|
| 518 |
|
|
|a Nahráno ve Studiu Fontána Sudovice
|
| 650 |
0 |
7 |
|a dechová hudba
|7 ph119353
|2 czenas
|
| 650 |
0 |
7 |
|a lidové písně, úpravy
|7 ph320413
|2 czenas
|
| 655 |
|
7 |
|a kompaktní desky
|7 fd201991
|2 czenas
|
| 700 |
1 |
|
|a Zedník, Pavel
|7 jx20080310051
|
| 710 |
2 |
|
|a Elektroband Pavla Zedníka
|7 ko2004233441
|
| 830 |
|
0 |
|a Fontana music library
|
| 910 |
|
|
|a BOA001
|b CDR-1326.661
|
| 990 |
|
|
|a AV
|
| 991 |
|
|
|b 201410
|
| 996 |
6 |
|
|b 2610604886
|c CDR-1326.661
|l MZK
|r Sklad / do 24 hodin
|n 0
|p p.v.
|w 001456603
|u 000010
|a 1
|e BOA001
|j MZK50
|s P
|